|
|
|
|
| LEADER |
01010nam a22003012a 4500 |
| 001 |
000108932 |
| 003 |
CZ BrMZK |
| 005 |
20071122103648.0 |
| 007 |
ta |
| 008 |
950101s1987 xr f cze d |
| 015 |
|
|
|a cnb000039056
|
| 020 |
|
|
|q (Brož.)
|
| 035 |
|
|
|a (OCoLC)39440026
|
| 040 |
|
|
|a ABA001
|b cze
|d ABA001
|
| 080 |
9 |
|
|a 342
|
| 100 |
1 |
|
|a Průša, Ivan,
|d 1940-2000
|7 jk01101458
|4 aut
|
| 245 |
1 |
0 |
|a Ústavní zákony Československé socialistické republiky a předpisy související /
|c Ivan Průša
|
| 260 |
|
|
|a Praha :
|b TEPS místního hospodářství,
|c 1987
|
| 300 |
|
|
|a 259 s. ;
|c 29 cm
|
| 490 |
1 |
|
|a Edice Institutu ministerstva vnitra ČSR. Řada A ;
|v sv. 76
|
| 500 |
|
|
|a 400 výt.
|
| 500 |
|
|
|a Rozmn.
|
| 830 |
|
0 |
|a Edice Institutu ministerstva vnitra ČSR.
|p Řada A
|
| 910 |
|
|
|a BOA001
|b 4-0926.948
|
| 964 |
|
|
|a Ústavní zákony - Československo
|
| 990 |
|
|
|a BK
|
| 991 |
|
|
|b 200711
|
| 996 |
7 |
|
|b 2619966670
|c 4-0926.948
|l MZK
|r Sklad / do 1 hodiny
|n 0
|w 000108932
|u 000010
|a 1
|e BOA001
|j MZK50
|s A
|